[Event "Landsturneringen 2009, Klasse 3"]
[Site "Bergen"]
[Date "2009.07.07"]
[Round "4"]
[White "Stein, Arne W"]
[Black "Lensebakken, Øyvind"]
[Result "1-0"]
[WhiteElo "1208"]
[BlackElo "1321"]
[PlyCount "139"]
[EventDate "2009.07.??"]
[EventType "swiss"]
[EventRounds "9"]
[EventCountry "NOR"]
[SourceDate "2009.07.06"]

1. e4 c5 2. Nf3 g6 3. d4 cxd4 4. Nxd4 Bg7 5. c4 Nc6 6. Be3 Nf6 7. Nc3 O-O 8.
Be2 d6 9. Qd2 Bd7 10. O-O Nxd4 11. Bxd4 Bc6 12. f3 Nd7 13. Bf2 Nc5 14. Rab1 a5
15. b3 Qc7 16. Rfe1 Rfc8 17. Bf1 Qd8 18. Rbd1 h5 19. Be3 Kh7 20. Ne2 b5 21. Nd4
b4 22. Nxc6 Rxc6 23. Qd5 Qe8 24. Qg5 a4 25. Bxc5 Rxc5 26. Rd5 Bh6 27. Qh4 axb3
28. axb3 Ra3 29. Rb1 Qd7 30. Kh1 Qe6 31. Qe1 Ra2 32. Qxb4 Be3 33. Qb7 Rca5 34.
Rxa5 Rxa5 35. b4 Ra7 36. Qd5 Qf6 37. b5 e6 38. Qxd6 Bf4 39. Qc5 Ra1 40. Rxa1
Qxa1 41. Qf2 Qc1 42. Qe2 Be3 43. g3 Bc5 44. h4 Qc3 45. Kg2 Qd4 46. Kh3 Qg1 47.
Bg2 Qd4 48. e5 Kg7 49. Qe4 Qxe4 50. fxe4 Kf8 51. g4 hxg4+ 52. Kxg4 Bd4 53. Kg5
Bxe5 54. b6 Bd4 55. b7 Be5 56. c5 Ke7 57. Bf1 Bc7 58. Bc4 e5 59. Be2 Bb8 60.
Bg4 Bc7 61. Bh3 Bb8 62. Bf5 gxf5 63. Kxf5 Kf8 64. h5 Kg7 65. Kg5 f6+ 66. Kf5
Kh6 67. Kxf6 Kxh5 68. Ke6 Kg6 69. Kd7 Kf7 70. c6 1-0

[Event "Landsturneringen 2009, Klasse 3"]
[Site "Bergen"]
[Date "2009.07.08"]
[Round "5"]
[White "Stensholt, Sigvat"]
[Black "Fjeldstad, Kay-Ove"]
[Result "1-0"]
[WhiteElo "1331"]
[BlackElo "1272"]
[PlyCount "91"]
[EventDate "2009.07.??"]
[EventType "swiss"]
[EventRounds "9"]
[EventCountry "NOR"]
[SourceDate "2009.07.06"]

1. d4 e5 2. dxe5 Nc6 3. Nf3 Qe7 4. g3 Nxe5 5. Nxe5 Qxe5 6. Bg2 Nf6 7. O-O d5 8.
Nc3 c6 9. Bf4 Qh5 10. e4 Bg4 11. f3 Bc5+ 12. Kh1 Be6 13. e5 Nd7 14. Re1 O-O-O
15. Qd2 Nb6 16. b3 d4 17. Ne4 Ba3 18. Qa5 Bb2 19. Qxa7 Kc7 20. Nc5 Bc8 21. e6+
Rd6 22. Na6+ Kd8 23. Qxb6+ Ke7 24. Qc7+ Kf6 25. Qxd6 Bxe6 26. Nc5 Re8 27. Rad1
b6 28. Re5 g5 29. Rxg5 Qxg5 30. Bxg5+ Kxg5 31. Nxe6+ Rxe6 32. h4+ Kf6 33. Qd8+
Kg7 34. Bf1 b5 35. Bd3 c5 36. Bxb5 d3 37. Bxd3 Bd4 38. Qg5+ Kf8 39. Be4 h6 40.
Qd5 h5 41. Rxd4 cxd4 42. Qxd4 Ke7 43. a4 f5 44. Bxf5 Rd6 45. Qe5+ Kf8 46. Qxd6+
1-0

[Event "Landsturneringen 2009, Klasse 3"]
[Site "Bergen"]
[Date "2009.07.09"]
[Round "6"]
[White "Blom, Erlend R"]
[Black "Leite, Steinar"]
[Result "1-0"]
[WhiteElo "1445"]
[BlackElo "1258"]
[PlyCount "45"]
[EventDate "2009.07.??"]
[EventType "swiss"]
[EventRounds "9"]
[EventCountry "NOR"]
[SourceDate "2009.07.06"]

1. d4 Nf6 2. Nf3 d5 3. e3 c6 4. b3 Nbd7 5. Bb2 e6 6. Bd3 Bd6 7. Ne5 Qc7 8. f4
Nf8 9. O-O h5 10. Nd2 N8h7 11. h3 g6 12. Ndf3 Qe7 13. Bxg6 fxg6 14. Nxg6 Qg7
15. Nxh8 Qxh8 16. Ne5 Qg7 17. c4 Ke7 18. Rc1 Bxe5 19. fxe5 Ne4 20. Ba3+ Kd7 21.
Qxh5 Nhg5 22. Rf8 b6 23. Rcf1 1-0

[Event "Landsturneringen 2009, Klasse 3"]
[Site "Bergen"]
[Date "2009.07.09"]
[Round "6"]
[White "Nordtvedt, Ken T"]
[Black "Sandvik, Daniel"]
[Result "0-1"]
[WhiteElo "1439"]
[BlackElo "1437"]
[PlyCount "145"]
[EventDate "2009.07.??"]
[EventType "swiss"]
[EventRounds "9"]
[EventCountry "NOR"]
[SourceDate "2009.07.06"]

1. b4 Nf6 2. Bb2 e6 3. a3 d5 4. e3 Bd6 5. Nf3 O-O 6. c4 c6 7. c5 Bc7 8. Ne5
Bxe5 9. Bxe5 Nbd7 10. Bb2 e5 11. Qf3 e4 12. Qd1 Qe7 13. Bd4 Ne5 14. h3 Bf5 15.
Nc3 h6 16. Be2 Nfd7 17. Qc2 Bh7 18. O-O-O a5 19. Qb2 Rfb8 20. Qb3 axb4 21. axb4
b5 22. Kc2 Ra6 23. Ra1 Rba8 24. Rxa6 Rxa6 25. Nxb5 cxb5 26. Bxb5 Ra8 27. Qxd5
Rb8 28. Bxd7 Nxd7 29. Rb1 Nf6 30. Qc6 Bf5 31. b5 Bd7 32. Qa6 Nd5 33. b6 Bc6 34.
Qa7 Qe8 35. Qa1 f6 36. Qb2 Ba4+ 37. Kc1 Qh5 38. Qa3 Bc6 39. d3 exd3 40. Qxd3
Qe8 41. g4 Qe6 42. Qb3 Qe4 43. Qd1 Qg2 44. Qe2 Qxh3 45. Ra1 Qh1+ 46. Kd2 Qe4
47. f3 Qe6 48. Qc4 Kf8 49. Ra7 Rb7 50. Qa6 Nb4 51. Qa3 Qc4 52. Qc3 Qxc3+ 53.
Bxc3 Rxa7 54. bxa7 Na6 55. e4 Ke8 56. Bd4 Nc7 57. Ke3 Nb5 58. f4 Nxa7 59. e5
fxe5 60. Bxe5 g6 61. f5 gxf5 62. gxf5 h5 63. Kf4 Kf7 64. Kg5 Bf3 65. Bb8 Nc6
66. Bd6 Bg4 67. Bf4 Nd4 68. Bb8 Nxf5 69. Be5 Ke6 70. Kf4 Kd5 71. Bb8 Kxc5 72.
Kg5 Kd5 73. Kf4 0-1

[Event "Landsturneringen 2009, Klasse 3"]
[Site "Bergen"]
[Date "2009.07.09"]
[Round "6"]
[White "Stein, Arne W"]
[Black "Stensholt, Sigvat"]
[Result "0-1"]
[WhiteElo "1208"]
[BlackElo "1331"]
[PlyCount "86"]
[EventDate "2009.07.??"]
[EventType "swiss"]
[EventRounds "9"]
[EventCountry "NOR"]
[SourceDate "2009.07.06"]

1. e4 Nf6 2. e5 Nd5 3. d4 d6 4. c4 Nb6 5. exd6 cxd6 6. Nc3 g6 7. Be3 Bg7 8. Rb1
Bf5 9. Rc1 O-O 10. b3 e5 11. dxe5 dxe5 12. Qxd8 Rxd8 13. Nf3 Nc6 14. c5 Nd5 15.
Nxd5 Rxd5 16. Bc4 Rd7 17. O-O h6 18. Rcd1 Rad8 19. Rxd7 Rxd7 20. Nh4 Be4 21. f3
Bd5 22. Rd1 Be6 23. Rxd7 Bxd7 24. f4 exf4 25. Bd2 Bd4+ 26. Kf1 g5 27. Nf3 Bxc5
28. Bc3 Be6 29. Bd3 Nb4 30. Bb1 Nd5 31. Bd4 Bxd4 32. Nxd4 Nc3 33. Bf5 Bxf5 34.
Nxf5 Nxa2 35. Nxh6+ Kf8 36. Nf5 Nc1 37. Nd6 Nxb3 38. Nxb7 Ke7 39. Ke2 Kd7 40.
Kd3 Kc7 41. Kc3 Kxb7 42. Kxb3 Kc6 43. Kc4 Kd6 0-1

[Event "Landsturneringen 2009, Klasse 3"]
[Site "Bergen"]
[Date "2009.07.10"]
[Round "7"]
[White "Fjeldstad, Kay-Ove"]
[Black "Støle, Alexander"]
[Result "1-0"]
[WhiteElo "1272"]
[BlackElo "1399"]
[PlyCount "55"]
[EventDate "2009.07.??"]
[EventType "swiss"]
[EventRounds "9"]
[EventCountry "NOR"]
[SourceDate "2009.07.06"]

1. b4 f5 2. Bb2 Nf6 3. e3 g6 4. c4 Bg7 5. f4 d6 6. Nf3 O-O 7. Nc3 c6 8. Qb3 Kh8
9. Be2 Qe8 10. d4 Ng4 11. Nd1 e5 12. h3 Nh6 13. dxe5 dxe5 14. Bxe5 Nf7 15.
Bxg7+ Kxg7 16. h4 Nd7 17. h5 Nf6 18. Qc3 Nd6 19. Nf2 Be6 20. c5 Nb5 21. Bxb5
cxb5 22. hxg6 hxg6 23. Ne5 Kg8 24. Rh6 Bf7 25. O-O-O Nh5 26. Nxf7 Kxf7 27. Rh7+
Ng7 28. Rxg7+ 1-0

[Event "Landsturneringen 2009, Klasse 3"]
[Site "Bergen"]
[Date "2009.07.10"]
[Round "7"]
[White "Hjelle, Øyvind"]
[Black "Nylund, Kjetil"]
[Result "1-0"]
[WhiteElo "1412"]
[BlackElo "1242"]
[PlyCount "97"]
[EventDate "2009.07.??"]
[EventType "swiss"]
[EventRounds "9"]
[EventCountry "NOR"]
[SourceDate "2009.07.06"]

1. e4 c6 2. d4 d5 3. Nc3 dxe4 4. Nxe4 Bf5 5. Ng3 Bg6 6. Nf3 e6 7. Bc4 Nd7 8.
O-O Bd6 9. c3 Ne7 10. Bg5 h6 11. Bd2 Qc7 12. Re1 O-O 13. Qc1 Kh7 14. Ne4 Nd5
15. Nxd6 Qxd6 16. Bb3 Rh8 17. c4 N5f6 18. Bf4 Qf8 19. Nh4 Bf5 20. Nxf5 exf5 21.
Bc2 g6 22. Re3 Kg7 23. Rh3 h5 24. Qe3 Qe8 25. Qc3 Kg8 26. Re1 Qf8 27. Rhe3 Re8
28. Rxe8 Nxe8 29. Qg3 Kh7 30. a3 Qg7 31. Be3 Qf6 32. Qf4 Qd6 33. Qh4 Ng7 34.
Bd2 Re8 35. Rd1 Ne6 36. Be3 Kg7 37. d5 Nec5 38. b4 Ne4 39. c5 Qc7 40. Bd4+ f6
41. d6 Qd8 42. f3 g5 43. Qh3 g4 44. Qxh5 Nxd6 45. cxd6 gxf3 46. Qxf3 Ne5 47.
Qxf5 Qxd6 48. Qh7+ Kf8 49. Bc5 1-0

[Event "Landsturneringen 2009, Klasse 3"]
[Site "Bergen"]
[Date "2009.07.10"]
[Round "7"]
[White "Lensebakken, Øyvind"]
[Black "Nordtvedt, Ken T"]
[Result "0-1"]
[WhiteElo "1321"]
[BlackElo "1439"]
[PlyCount "86"]
[EventDate "2009.07.??"]
[EventType "swiss"]
[EventRounds "9"]
[EventCountry "NOR"]
[SourceDate "2009.07.06"]

1. c4 e6 2. g3 Nc6 3. Bg2 f5 4. Nc3 Nf6 5. Nf3 b6 6. b3 Bb7 7. Bb2 Nd4 8. O-O
Nxf3+ 9. exf3 Be7 10. d4 f4 11. Re1 O-O 12. d5 exd5 13. Nxd5 Nxd5 14. cxd5 Bf6
15. Be5 Bxe5 16. Rxe5 Qf6 17. Re4 Qd6 18. Rxf4 Rxf4 19. gxf4 Qxd5 20. Qc2 Bc6
21. Rd1 Qh5 22. Rd4 Re8 23. Qd1 Re6 24. a4 Qe8 25. Re4 Bxe4 26. fxe4 Rd6 27.
Qc2 Qh5 28. f3 Qc5+ 29. Qxc5 bxc5 30. Bf1 Rd1 31. Kg2 Kf7 32. Bc4+ Ke7 33. Kg3
d6 34. Bd5 Kd7 35. f5 c6 36. Bg8 h6 37. Kf4 d5 38. e5 Ke7 39. Kg4 Rd3 40. f4
Rxb3 41. Kh5 Rb2 42. h4 c4 43. e6 Rg2 0-1

[Event "Landsturneringen 2009, Klasse 3"]
[Site "Bergen"]
[Date "2009.07.10"]
[Round "7"]
[White "Rasdal, Yngve"]
[Black "Blom, Erlend R"]
[Result "0-1"]
[WhiteElo "1284"]
[BlackElo "1445"]
[PlyCount "82"]
[EventDate "2009.07.??"]
[EventType "swiss"]
[EventRounds "9"]
[EventCountry "NOR"]
[SourceDate "2009.07.06"]

1. d4 d5 2. c4 c6 3. Nf3 Nf6 4. Nc3 a6 5. c5 Bg4 6. e3 Nbd7 7. Be2 Bxf3 8. Bxf3
e5 9. O-O Be7 10. Qc2 O-O 11. b4 e4 12. Be2 h5 13. f3 exf3 14. Bxf3 g6 15. Qf2
Kg7 16. e4 dxe4 17. Bxe4 Nxe4 18. Nxe4 f5 19. Nc3 Nf6 20. h3 Qd7 21. Bf4 Rad8
22. Be5 Kh7 23. Rfe1 Rf7 24. Re2 Nd5 25. Nxd5 Qxd5 26. Rae1 Rd7 27. Qf4 Bd8 28.
a3 a5 29. Bd6 axb4 30. axb4 Qc4 31. Re8 Bf6 32. Be5 Bxe5 33. R1xe5 Qxd4+ 34.
Qe3 Qxb4 35. Rh8+ Kg7 36. Qh6+ Kf6 37. Rhe8 Rfe7 38. Qf8+ Rf7 39. R8e6+ Kg5 40.
Qg8 Rd1+ 41. Re1 Rxe1+ 0-1

[Event "Landsturneringen 2009, Klasse 3"]
[Site "Bergen"]
[Date "2009.07.11"]
[Round "7"]
[White "Sandvik, Daniel"]
[Black "Stensholt, Sigvat"]
[Result "1-0"]
[WhiteElo "1437"]
[BlackElo "1331"]
[PlyCount "79"]
[EventDate "2009.07.??"]
[EventType "swiss"]
[EventRounds "9"]
[EventCountry "NOR"]
[SourceDate "2009.07.06"]

1. d4 Nf6 2. Nf3 e6 3. c4 b6 4. Nc3 Bb4 5. Bd2 O-O 6. e3 Bb7 7. Bd3 c5 8. O-O
Bxc3 9. Bxc3 Ne4 10. Bxe4 Bxe4 11. Nd2 f5 12. Nxe4 fxe4 13. Qg4 Rf7 14. Qxe4
Nc6 15. f4 Rc8 16. d5 exd5 17. cxd5 Ne7 18. Rf3 Nf5 19. Rh3 b5 20. g4 Qe7 21.
Qd3 c4 22. Qc2 Nh4 23. d6 Qd8 24. Rd1 b4 25. Bxb4 Ng6 26. Rd4 Qb6 27. Rxc4 Rcf8
28. Bc5 Qa5 29. b4 Qa3 30. Rc3 Qa6 31. a4 Rxf4 32. exf4 Rxf4 33. Qa2+ Kh8 34.
Qg2 Qxa4 35. Qe2 Qa1+ 36. Kg2 Ne5 37. Qxe5 Qf1+ 38. Kg3 Rf8 39. Qe4 h6 40. Bd4
1-0

[Event "Landsturneringen 2009, Klasse 3"]
[Site "Bergen"]
[Date "2009.07.11"]
[Round "8"]
[White "Blom, Erlend R"]
[Black "Sandvik, Daniel"]
[Result "1/2-1/2"]
[WhiteElo "1445"]
[BlackElo "1437"]
[PlyCount "84"]
[EventDate "2009.07.??"]
[EventType "swiss"]
[EventRounds "9"]
[EventCountry "NOR"]
[SourceDate "2009.07.06"]

1. d4 Nf6 2. Nf3 g6 3. c4 Bg7 4. Nc3 O-O 5. e4 d6 6. Be2 e5 7. O-O Nc6 8. d5
Nb8 9. Nd2 Re8 10. b4 Bd7 11. Nb3 h6 12. Be3 Kh7 13. f3 Qe7 14. c5 Bf8 15. Qc2
Na6 16. Bxa6 bxa6 17. c6 Bc8 18. Qf2 Rb8 19. a3 Rb6 20. Bxb6 axb6 21. a4 Nh5
22. a5 bxa5 23. Nxa5 Nf4 24. Kh1 Qg5 25. Qg3 Qh5 26. Rfb1 Be7 27. Qe1 Bh4 28.
Qg1 Bg3 29. Rf1 Qh4 30. Ra2 Nh5 31. Ne2 f5 32. Rb2 Rf8 33. exf5 Bxf5 34. Rb3
Rb8 35. Rb2 Rb5 36. Rd1 Kg7 37. Nb7 Rb6 38. Ra1 Bc8 39. Ra5 Bxb7 40. cxb7 Rxb7
41. Rxa6 Bxh2 42. Qxh2 Qe1+ 1/2-1/2

[Event "Landsturneringen 2009, Klasse 3"]
[Site "Bergen"]
[Date "2009.07.11"]
[Round "8"]
[White "Stensholt, Sigvat"]
[Black "Nordtvedt, Ken T"]
[Result "0-1"]
[WhiteElo "1331"]
[BlackElo "1439"]
[PlyCount "72"]
[EventDate "2009.07.??"]
[EventType "swiss"]
[EventRounds "9"]
[EventCountry "NOR"]
[SourceDate "2009.07.06"]

1. e4 e6 2. d4 d5 3. Nc3 Bb4 4. e5 c5 5. a3 Bxc3+ 6. bxc3 Nc6 7. Nf3 Bd7 8. Bd3
Nge7 9. O-O Qa5 10. Rb1 c4 11. Be2 O-O-O 12. Ng5 Rdf8 13. f4 Qxc3 14. Nf3 Nf5
15. Bd2 Qxa3 16. Ra1 Qe7 17. Bc1 Qd8 18. Ba3 Ne3 19. Qb1 Nxf1 20. Kxf1 Rfg8 21.
Bc5 b6 22. Rxa7 Nxa7 23. Bxb6 Qe8 24. Bxa7 Bb5 25. c3 Qd7 26. Bc5 h6 27. Qb4
Qc6 28. Nd2 Qb7 29. Nb1 Bc6 30. Qxb7+ Kxb7 31. Bh5 g6 32. Bd1 Ra8 33. Be7 Ra1
34. Bc2 Rha8 35. Ke2 R8a2 36. Kd1 Ba4 0-1

[Event "Landsturneringen 2009, Klasse 3"]
[Site "Bergen"]
[Date "2009.07.12"]
[Round "9"]
[White "Fadnes, Bård"]
[Black "Stensholt, Sigvat"]
[Result "0-1"]
[WhiteElo "1372"]
[BlackElo "1331"]
[PlyCount "80"]
[EventDate "2009.07.??"]
[EventType "swiss"]
[EventRounds "9"]
[EventCountry "NOR"]
[SourceDate "2009.07.06"]

1. e4 Nf6 2. Nc3 e5 3. Nf3 Nc6 4. Bc4 Nxe4 5. Bxf7+ Kxf7 6. Nxe4 d5 7. Neg5+
Kg8 8. d3 h6 9. Nh3 Bg4 10. c3 Qf6 11. Nhg1 Rd8 12. Qa4 Bf5 13. d4 exd4 14.
Nxd4 Nxd4 15. Qxd4 Qxd4 16. cxd4 Re8+ 17. Kd1 Bd6 18. Ne2 Bg4 19. f3 Bd7 20. g3
Kf7 21. Re1 g5 22. Nc3 c6 23. Re3 Bc7 24. Na4 b6 25. Ke2 c5 26. Nc3 cxd4 27.
Nxd5 dxe3 28. Nxc7 Rc8 29. Nd5 Rc2+ 30. Kxe3 Rxh2 31. Nc3 Re8+ 32. Ne4 Rh1 33.
Kd4 Rd1+ 34. Kc3 Rc8+ 35. Kb3 Rcxc1 36. Rxc1 Rxc1 37. f4 gxf4 38. gxf4 Be6+ 39.
Ka3 Rf1 40. Nc3 h5 0-1

[Event "Landsturneringen 2009, Klasse 3"]
[Site "Bergen"]
[Date "2009.07.12"]
[Round "9"]
[White "Hjelle, Øyvind"]
[Black "Stein, Arne W"]
[Result "0-1"]
[WhiteElo "1412"]
[BlackElo "1208"]
[PlyCount "118"]
[EventDate "2009.07.??"]
[EventType "swiss"]
[EventRounds "9"]
[EventCountry "NOR"]
[SourceDate "2009.07.06"]

1. e4 c5 2. Nf3 d6 3. d4 cxd4 4. Qxd4 Nc6 5. Bb5 Bd7 6. Bxc6 bxc6 7. Nc3 Qb6 8.
Qd3 g6 9. O-O Bg7 10. Rb1 Nf6 11. Be3 Qb7 12. Rfe1 O-O 13. a3 Ng4 14. Bf4 Qb6
15. Bg3 Rab8 16. h3 Nf6 17. Qd2 Qa5 18. e5 Nd5 19. Nxd5 Qxd2 20. Nxe7+ Kh8 21.
Nxd2 d5 22. e6 fxe6 23. Nxc6 Bxc6 24. Bxb8 Rxb8 25. Rxe6 Bd7 26. Rd6 Bf5 27.
Rxd5 Bh6 28. Rxf5 gxf5 29. Nf3 Bg7 30. b4 Rc8 31. Rd1 Bb2 32. a4 Rxc2 33. Nd4
Rc4 34. Nxf5 h5 35. Rd8+ Kh7 36. Rb8 Be5 37. Rb7+ Kg6 38. Ng3 h4 39. Ne2 Rc2
40. Kf1 Ra2 41. f4 Bd6 42. a5 Rb2 43. b5 Ra2 44. Rxa7 Ra1+ 45. Kf2 Bc5+ 46. Kf3
Bxa7 47. b6 Bb8 48. Nd4 Rxa5 49. Nc6 Ra3+ 50. Kg4 Bd6 51. Kxh4 Bxf4 52. Ne7+
Kf7 53. Nd5 Bd6 54. g4 Rb3 55. g5 Kg6 56. Kg4 Rg3+ 57. Kh4 Rxg5 58. Ne7+ Bxe7
59. b7 Rg1# 0-1

[Event "Landsturneringen 2009, Klasse 3"]
[Site "Bergen"]
[Date "2009.07.12"]
[Round "9"]
[White "Lund, Petter"]
[Black "Sandvik, Daniel"]
[Result "1-0"]
[WhiteElo "1455"]
[BlackElo "1437"]
[PlyCount "149"]
[EventDate "2009.07.??"]
[EventType "swiss"]
[EventRounds "9"]
[EventCountry "NOR"]
[SourceDate "2009.07.06"]

1. e4 e5 2. Nf3 Nc6 3. Bb5 a6 4. Ba4 Nf6 5. O-O Be7 6. d4 exd4 7. e5 Ne4 8.
Nxd4 Nc5 9. Nf5 Ne6 10. Bb3 g6 11. Nxe7 Qxe7 12. Bh6 Qh4 13. Bxe6 Qxh6 14. Bh3
O-O 15. f4 d6 16. Bxc8 Raxc8 17. exd6 Rcd8 18. d7 Nb8 19. Qf3 c6 20. Nc3 Rxd7
21. Ne4 f5 22. Ng5 Rf6 23. Qb3+ Kh8 24. Rad1 Qg7 25. Rd3 Rxd3 26. Qxd3 h6 27.
Nf3 Qc7 28. Rd1 Qxf4 29. g3 Qe4 30. Qc3 Qe7 31. Re1 Qd8 32. Ne5 Kh7 33. h4 Re6
34. h5 gxh5 35. Kh2 h4 36. Nf7 hxg3+ 37. Kh3 Qf6 38. Rxe6 Qxe6 39. Qh8+ Kg6 40.
Ne5+ Kh5 41. Qxb8 f4+ 42. Kg2 Qd5+ 43. Nf3 Qe4 44. Qe5+ Qxe5 45. Nxe5 Kg5 46.
Kf3 Kf5 47. Nd3 g2 48. Kxg2 Ke4 49. Kf2 b6 50. Ne1 h5 51. Nf3 b5 52. Nd2+ Kf5
53. Kf3 h4 54. Ne4 a5 55. Nf2 Ke5 56. Nh3 c5 57. Nxf4 Kd4 58. Nh3 a4 59. Nf4 b4
60. Ne2+ Kc4 61. b3+ axb3 62. axb3+ Kd5 63. Ke3 c4 64. Nf4+ Kc5 65. Ke4 cxb3
66. cxb3 Kc6 67. Kd4 Kb5 68. Kd5 Kb6 69. Kc4 Kc6 70. Kxb4 Kb6 71. Nh3 Ka6 72.
Kc5 Kb7 73. Kb5 Kc7 74. Ka6 Kb8 75. Kb6 1-0

[Event "Landsturneringen 2009, Klasse 4"]
[Site "Bergen"]
[Date "2009.07.06"]
[Round "3"]
[White "Mjøs, Knut"]
[Black "Lilleøren, Allan"]
[Result "1-0"]
[WhiteElo "1142"]
[BlackElo "1060"]
[PlyCount "37"]
[EventDate "2009.07.??"]
[EventType "swiss"]
[EventRounds "9"]
[EventCountry "NOR"]
[SourceDate "2009.07.06"]

1. e4 c5 2. f4 Nc6 3. Nf3 d6 4. Bc4 Bg4 5. Bxf7+ Kd7 6. Bd5 Nf6 7. Bxc6+ Kxc6
8. d3 g6 9. c4 Bg7 10. Nc3 a6 11. Bd2 Nd7 12. Nd5 b6 13. Rb1 e5 14. fxe5 Nxe5
15. Nxe5+ Bxe5 16. Qxg4 Rf8 17. Bg5 Qe8 18. b4 Qf7 19. Qe2 1-0

[Event "Landsturneringen 2009, Klasse 4"]
[Site "Bergen"]
[Date "2009.07.07"]
[Round "5"]
[White "Kyrkjebø, Eirik"]
[Black "Sørhus, Jostein"]
[Result "0-1"]
[WhiteElo "1135"]
[BlackElo "1063"]
[PlyCount "100"]
[EventDate "2009.07.??"]
[EventType "swiss"]
[EventRounds "9"]
[EventCountry "NOR"]
[SourceDate "2009.07.06"]

1. e4 c5 2. Nc3 d6 3. f4 Nc6 4. Bb5 Bd7 5. Bxc6 Bxc6 6. Nf3 e6 7. O-O Nf6 8. d3
Be7 9. Kh1 Qc7 10. Ne2 h5 11. Qe1 O-O-O 12. Nh4 Rdg8 13. f5 e5 14. Qg3 Kb8 15.
h3 Qd8 16. Bg5 Nxe4 17. dxe4 Bxg5 18. Nf3 Bf6 19. Nc3 g5 20. fxg6 Rxg6 21. Qf2
Rhg8 22. Ne1 Bh4 23. Qf3 Bxe1 24. Raxe1 Rxg2 25. Qxg2 Rxg2 26. Kxg2 Qg5+ 27.
Kh2 h4 28. Rg1 Qf4+ 29. Kh1 Qf3+ 30. Kh2 Bd7 31. Rg8+ Bc8 32. Re2 b5 33. Reg2
Qxh3+ 34. Kg1 Qe3+ 35. Kh2 Kb7 36. R8g7 Be6 37. Nxb5 Qh3+ 38. Kg1 d5 39. Nd6+
Kb6 40. Nxf7 Qe3+ 41. Kh1 h3 42. R2g3 Qxe4+ 43. Kg1 Qd4+ 44. Kh2 Qd2+ 45. Kh1
Qd1+ 46. Rg1 Qf3+ 47. Kh2 Bxf7 48. R1g3 Qf2+ 49. Kxh3 Be6+ 50. Kh4 Qh2+ 0-1

[Event "Landsturneringen 2009, Klasse 4"]
[Site "Bergen"]
[Date "2009.07.10"]
[Round "7"]
[White "Thowsen, Alf Geir"]
[Black "Sørhus, Jostein"]
[Result "0-1"]
[WhiteElo "1203"]
[BlackElo "1063"]
[PlyCount "70"]
[EventDate "2009.07.??"]
[EventType "swiss"]
[EventRounds "9"]
[EventCountry "NOR"]
[SourceDate "2009.07.06"]

1. d4 Nf6 2. c4 e6 3. Nc3 Bb4 4. Bd2 c5 5. Nb5 Bxd2+ 6. Qxd2 O-O 7. e3 cxd4 8.
exd4 d5 9. c5 Ne4 10. Qc2 Nc6 11. a3 a6 12. Nc3 Nxd4 13. Qd3 Nb3 14. Rd1 Nbxc5
15. Qd4 Nxc3 16. Qxc3 Ne4 17. Qd4 Qa5+ 18. Ke2 Bd7 19. Kf3 Rac8 20. Bd3 f5 21.
Ne2 Nd2+ 22. Kg3 Nb3 23. Qh4 Nc5 24. b4 Qc7+ 25. f4 Ne4+ 26. Kf3 Qb6 27. h3 Nc3
28. Rd2 Bb5 29. g4 Bxd3 30. Rxd3 Nxe2 31. Kxe2 Rc2+ 32. Kf3 h6 33. gxf5 exf5
34. Qg3 d4 35. Rg1 Qc6# 0-1

[Event "Landsturneringen 2009, Klasse 5"]
[Site "Bergen"]
[Date "2009.07.10"]
[Round "7"]
[White "Ronås, Jostein"]
[Black "Østmann, Jens"]
[Result "1-0"]
[WhiteElo "939"]
[BlackElo "537"]
[PlyCount "39"]
[EventDate "2009.07.09"]
[EventType "swiss"]
[EventRounds "9"]
[EventCountry "NOR"]
[SourceDate "2009.07.06"]

1. e4 e5 2. Nf3 Nc6 3. Bb5 Nf6 4. Nc3 Bb4 5. d3 d6 6. O-O Bxc3 7. bxc3 O-O 8.
Bg5 Bd7 9. Rb1 a6 10. Bc4 b5 11. Bd5 Rb8 12. Re1 b4 13. Bxc6 Bxc6 14. cxb4 d5
15. Nxe5 Qe8 16. exd5 Bxd5 17. c4 Be6 18. Bxf6 gxf6 19. Ng4 Kg7 20. Qd2 1-0

[Event "Landsturneringen 2009, Senior A"]
[Site "Bergen"]
[Date "2009.07.04"]
[Round "1"]
[White "Kjølberg, Lars"]
[Black "Skar, Øystein"]
[Result "1-0"]
[WhiteElo "2052"]
[BlackElo "1708"]
[PlyCount "62"]
[EventDate "2009.07.??"]
[EventType "swiss"]
[EventRounds "9"]
[EventCountry "NOR"]
[SourceDate "2009.07.06"]

1. d4 d5 2. Nf3 c5 3. c4 cxd4 4. cxd5 Qxd5 5. Nc3 Qa5 6. Nxd4 Nf6 7. Nb3 Qc7 8.
Bd2 Nc6 9. g3 g6 10. Bg2 Bg7 11. Bf4 e5 12. Be3 O-O 13. Nb5 Qd8 14. Bc5 Bf5 15.
Bxf8 Bxf8 16. O-O a6 17. Nc3 Qc7 18. Nd5 Nxd5 19. Qxd5 Rd8 20. Qc4 Be6 21. Qc1
Qb6 22. Bxc6 Rc8 23. Qd2 Rxc6 24. Rac1 Rd6 25. Qc3 Bg7 26. Qc5 Bxb3 27. axb3
Bh6 28. Qxb6 Rxb6 29. Rc3 Bg7 30. Rd1 h5 31. Rd8+ Kh7 1-0

[Event "Landsturneringen 2009, Senior A"]
[Site "Bergen"]
[Date "2009.07.04"]
[Round "1"]
[White "Mannerud, Arne"]
[Black "Strand, Øyvin"]
[Result "0-1"]
[WhiteElo "1568"]
[BlackElo "1756"]
[PlyCount "70"]
[EventDate "2009.07.??"]
[EventType "swiss"]
[EventRounds "9"]
[EventCountry "NOR"]
[SourceDate "2009.07.06"]

1. d4 d5 2. Nf3 e6 3. e3 f5 4. a3 Nf6 5. b3 Be7 6. Bb2 O-O 7. Be2 Ne4 8. O-O
Nd7 9. Nbd2 Ndf6 10. Ne5 Bd7 11. f3 Nd6 12. c4 c6 13. a4 Be8 14. Rc1 Nf7 15. g3
Nxe5 16. dxe5 Nd7 17. f4 Qb6 18. Bd4 c5 19. Bb2 Rd8 20. Qc2 Nb8 21. Bf3 Na6 22.
Ba3 Bc6 23. Rfe1 Nb4 24. Qb1 d4 25. e4 d3 26. Bxb4 cxb4+ 27. Kg2 Bc5 28. Rcd1
Be3 29. Qb2 g5 30. Kh1 gxf4 31. gxf4 Bxf4 32. Rg1+ Kh8 33. exf5 Bxd2 34. Bxc6
Qxc6+ 35. Rg2 Bc3 0-1

[Event "Landsturneringen 2009, Senior A"]
[Site "Bergen"]
[Date "2009.07.04"]
[Round "1"]
[White "Svenske, Jan"]
[Black "Hoen, Ragnar Harald"]
[Result "1/2-1/2"]
[WhiteElo "1732"]
[BlackElo "2237"]
[PlyCount "135"]
[EventDate "2009.07.??"]
[EventType "swiss"]
[EventRounds "9"]
[EventCountry "NOR"]
[SourceDate "2009.07.06"]

1. c4 e5 2. Nc3 Nc6 3. g3 g6 4. Bg2 Bg7 5. Rb1 a5 6. a3 Nf6 7. b4 axb4 8. axb4
O-O 9. b5 Ne7 10. Nf3 d6 11. O-O Be6 12. d3 h6 13. Nd2 Qc8 14. Nde4 Nd7 15. Na4
f5 16. Nec3 f4 17. Nd5 Bxd5 18. cxd5 g5 19. Bh3 Qd8 20. gxf4 exf4 21. e3 Ng6
22. Rb4 Nde5 23. exf4 gxf4 24. d4 Nf7 25. Qh5 Ng5 26. Be6+ Kh7 27. Kh1 Qf6 28.
Re1 Rae8 29. Qg4 Re7 30. Nc3 Rfe8 31. Ne4 Nxe4 32. Rxe4 c6 33. f3 cxd5 34. Bxd5
Rxe4 35. Bxe4 d5 36. Bxg6+ Qxg6 37. Qxg6+ Kxg6 38. Bxf4 Kf5 39. Bg3 Rc8 40. Kg2
Rc4 41. Rb1 Bxd4 42. Rd1 Rb4 43. Bd6 Rb2+ 44. Kf1 Ke6 45. Rxd4 Kxd6 46. Rh4
Rxb5 47. Rxh6+ Kc5 48. h4 Rb2 49. f4 b5 50. f5 Kd4 51. h5 Ke5 52. f6 Rb4 53.
Ke2 Rf4 54. Kd3 Rf3+ 55. Kc2 Rxf6 56. Rh8 Kd4 57. Rb8 Rf2+ 58. Kb3 Rh2 59. Rh8
Re2 60. Rb8 Re5 61. h6 Rh5 62. Rh8 Kd3 63. h7 d4 64. Kb2 Rh6 65. Kb3 b4 66.
Kxb4 Rb6+ 67. Kc5 Rb7 68. Kd5 1/2-1/2

[Event "Landsturneringen 2009, Senior A"]
[Site "Bergen"]
[Date "2009.07.04"]
[Round "1"]
[White "Ulrichsen, Jarl H"]
[Black "Monsen, Magnus"]
[Result "1-0"]
[WhiteElo "2154"]
[BlackElo "1716"]
[PlyCount "55"]
[EventDate "2009.07.??"]
[EventType "swiss"]
[EventRounds "9"]
[EventCountry "NOR"]
[SourceDate "2009.07.06"]

1. d4 d6 2. Nf3 g6 3. Bg5 Bg7 4. c3 Nd7 5. e3 c5 6. Nbd2 a6 7. a4 b6 8. Bc4
Ngf6 9. O-O O-O 10. Qe2 Bb7 11. e4 d5 12. exd5 Re8 13. Rad1 cxd4 14. Nxd4 Nxd5
15. N2f3 Qc7 16. Ne6 Qd6 17. Nxg7 Kxg7 18. Qd2 e6 19. Ba2 Qc7 20. Rfe1 f6 21.
Bh6+ Kf7 22. c4 Qd6 23. cxd5 e5 24. Rc1 Nc5 25. b4 Nxa4 26. Rc7+ Re7 27. Rc6
Qd7 28. d6+ 1-0